| 000 | 00471nam a2200157Ia 4500 | ||
|---|---|---|---|
| 008 | 210716s2008 xx 000 0 und d | ||
| 020 | _a9788180289568 | ||
| 041 | _aeng | ||
| 082 | _a004.6005 MACM | ||
| 100 | _aMacDonald, Matthew. | ||
| 245 |
_aPro wpf in c# 2008: windows presentation foundation with .net 3.5. _bWindows presentation foundation with .net 3.5. |
||
| 250 | _a2 | ||
| 260 |
_aNew Delhi _bApress _c2008 |
||
| 300 | _axxix,1040 | ||
| 650 | _aC# Progamming | ||
| 999 |
_c189578 _d189578 |
||